书目信息 |
| 题名: |
花海 混播 昆虫野花带
|
|
| 作者: | 高亦珂 , 杨明琪 , 张启翔 著 | |
| 分册: | ||
| 出版信息: | 北京 中国建筑工业出版社 2021.07 |
|
| 页数: | 311页, [2] 页图版 | |
| 开本: | 23cm | |
| 丛书名: | ||
| 单 册: | ||
| 中图分类: | S68 | |
| 科图分类: | ||
| 主题词: | 花卉--hua hui--观赏园艺 | |
| 电子资源: | ||
| ISBN: | 978-7-112-26283-0 | |
| 000 | 01133nam0 2200265 450 | |
| 001 | 25502 | |
| 005 | 20220919103053.25 | |
| 010 | @a978-7-112-26283-0@dCNY158.00 | |
| 100 | @a20211014d2021 em y0chiy50 ea | |
| 101 | 0 | @achi |
| 102 | @aCN@b110000 | |
| 105 | @aaf a 000yy | |
| 200 | 1 | @a花海 混播 昆虫野花带@Ahua hai hun bo kun chong ye hua dai@e种植设计新范式@f高亦珂, 杨明琪, 张启翔著 |
| 210 | @a北京@c中国建筑工业出版社@d2021.07 | |
| 215 | @a311页, [2] 页图版@c图 (部分彩图)@d23cm | |
| 320 | @a有书目 (第307-311页) | |
| 330 | @a本书分两个部分。第1章到第4章, 从混播的发展、混播植物的选择方法、混播群落的竞争和管理、混播建立和养护四个方面介绍混播方法, 总结了混播方法建立的定量和定性研究成果。第5章到第8章, 分别介绍了混播草皮卷、花海、雨水花园和昆虫野花带4个主要的混播应用方式, 结合研究案例为混播应用提供了直接参考。 | |
| 517 | 1 | @a种植设计新范式@Azhong zhi she ji xin fan shi |
| 606 | 0 | @a花卉@Ahua hui@x观赏园艺 |
| 690 | @aS68@v5 | |
| 701 | 0 | @a高亦珂@Agao yi ke@4著 |
| 701 | 0 | @a杨明琪@Ayang ming qi@4著 |
| 701 | 0 | @a张启翔@Azhang qi xiang@4著 |
| 801 | 0 | @aCN@c20220910 |
| 905 | @a河南城建学院图书馆@dS68@eG200@f1 | |
| 花海 混播 昆虫野花带:种植设计新范式/高亦珂, 杨明琪, 张启翔著.-北京:中国建筑工业出版社,2021.07 |
| 311页, [2] 页图版:图 (部分彩图);23cm |
| ISBN 978-7-112-26283-0:CNY158.00 |
| 本书分两个部分。第1章到第4章, 从混播的发展、混播植物的选择方法、混播群落的竞争和管理、混播建立和养护四个方面介绍混播方法, 总结了混播方法建立的定量和定性研究成果。第5章到第8章, 分别介绍了混播草皮卷、花海、雨水花园和昆虫野花带4个主要的混播应用方式, 结合研究案例为混播应用提供了直接参考。 |
| ● |
| 相关链接 |
|
|
|
正题名:花海 混播 昆虫野花带
索取号:S68/G200
 
预约/预借
| 序号 | 登录号 | 条形码 | 馆藏地/架位号 | 状态 | 备注 |
| 1 | 1576341 | 215763412 | 自科库401/401自科库 97排1列5层/ [索取号:S68/G200] | 在馆 |